Applied .NET : (Record no. 35269)
[ view plain ]
| 000 -LEADER | |
|---|---|
| fixed length control field | 00543nam a22001697a 4500 |
| 005 - DATE AND TIME OF LATEST TRANSACTION | |
| control field | 20240307135102.0 |
| 008 - FIXED-LENGTH DATA ELEMENTS--GENERAL INFORMATION | |
| fixed length control field | 240307b |||||||| |||| 00| 0 eng d |
| 020 ## - INTERNATIONAL STANDARD BOOK NUMBER | |
| ISBN | 9780201738285 |
| 100 ## - MAIN ENTRY--AUTHOR | |
| Author Name | Sorensen,Ronan |
| 245 ## - TITLE STATEMENT | |
| Title | Applied .NET : |
| Remainder of title | Developing people-oriented software using C# / |
| Statement of responsibility, etc. | George Shepherd, John Roberts, Russ Williams. |
| 260 ## - PUBLICATION, DISTRIBUTION, ETC. | |
| Place of Publication | india: |
| Name of publisher, distributor, etc. | Addison-Wessley; |
| Date of publication, distribution, etc. | 2002. |
| 300 ## - PHYSICAL DESCRIPTION | |
| Pages | xviii, 397 p. : |
| 500 ## - GENERAL NOTE | |
| General note | Include index. |
| 650 ## - SUBJECT ADDED ENTRY--TOPICAL TERM | |
| Subject / Department | computer science/programming |
| 700 ## - ADDED ENTRY--PERSONAL NAME | |
| Personal name | George Shepherd |
| 300 ## - PHYSICAL DESCRIPTION | |
| -- | ill, |
| -- | cm. |
| 952 ## - LOCATION AND ITEM INFORMATION (KOHA) | |
| -- | 0 |
| -- | 0 |
| Lost status | Damaged status | Collection code | Permanent Location | Current Location | Shelving Location | Date acquired | Full Call Number | Accession No./Barcode | Date last seen | item type | Koha item type |
|---|---|---|---|---|---|---|---|---|---|---|---|
| CS/IT | Superior Information Resource Center (SIRC) Superior University- Gold Campus | Superior Information Resource Center (SIRC) Superior University- Gold Campus | Programming | 03/07/2024 | 005.276 SOR-A 2002 | 16367 | 03/07/2024 | BOOK | BOOK |
